| 000 | 00448cam a2200193ua 4500 | ||
|---|---|---|---|
| 001 | 10701 | ||
| 005 | 20260515114643.0 | ||
| 008 | 190327n ii |||gr||||Z||||||eng | ||
| 020 | _a8126128488 | ||
| 040 | _cMAIN | ||
| 082 | _a338 | ||
| 100 |
_aA K Sharma, _eAuthor. |
||
| 245 | _aIndustrial economics | ||
| 250 | _a1st ed. | ||
| 260 |
_aNew Delhi: _bAnmol publications pvt ltd, _c2006. |
||
| 300 | _a420p. | ||
| 653 | _aProduction | ||
| 942 | _cBK | ||
| 999 |
_c9662 _d9662 |
||